| 000 | 00517nam a2200169Ia 4500 | ||
|---|---|---|---|
| 003 | OSt | ||
| 005 | 20210112143038.0 | ||
| 008 | 190216s9999||||xx |||||||||||||| ||und|| | ||
| 040 | _coclc | ||
| 082 |
_a894.81 _bSBAS/B |
||
| 100 |
_aBasheer, Vaikom Muhammad _97034 |
||
| 245 | 0 |
_aBasheer Sampoorna Krithikal / _cVaikom Muhammad Basheer |
|
| 260 |
_bCurrent Books, _c1993. _aKottayam: |
||
| 300 | _a2186p | ||
| 650 | _aMalayalam Collection | ||
| 942 |
_cBK _2ddc _h894.81 _iSBAS/B _k894.81 _mSBAS/B |
||
| 999 |
_c27088 _d27088 |
||